000 00984cam a2200229 4500
001 ABS66495
008 030331n2003 000 0 eng u
035 _a(Sirsi) u121795
110 _aMott Green and Wall
_93850
245 _aEnergy efficient lighting and controls
260 _c2003
490 _aBuilding Services Journal
_v25(3) March 2003, 24-26(2)
520 _aMott Green and Wall and Davis Langdon and Everest research departments examine the requirements for energy efficient lighting and controls by reviewing the sections of Approved Document L1 which have been revised. Contains a summary of typical office controls and cost models for a lighting control system. Tables.
590 _aABS
650 _aBUILDING REGULATIONS 2000 APPROVED DOCUMENT L1 (2002 EDITION)
650 _aLIGHTING
650 _aLIGHTING CONTROLS
650 _aCOST MODELS
690 _aBUILT ENVIRONMENT-BUILDING STANDARDS
710 _aDavis Langdon and Everest
_91155
942 _n0
999 _c72384
_d72384